Amikor "Sárika" szegedi primadonna volt

Elmentve itt :
Bibliográfiai részletek
Szerző: Jenő István
Dokumentumtípus: Cikk
Megjelent: 1971-03-28
Sorozat:Délmagyarország 61 No. 74
Kulcsszavak:Patkós Irma
Online Access:http://dmarchiv.bibl.u-szeged.hu/95011
LEADER 00455nab a2200157 i 4500
001 delm95011
005 20190430093308.0
008 190430s1971 hu o 0|| hun d
040 |a SZTE Délmagyarország Archívum  |b hun 
041 |a hun 
100 1 |a Jenő István 
245 1 0 |a Amikor "Sárika" szegedi primadonna volt  |h [elektronikus dokumentum] /  |c  Jenő István 
260 |c 1971-03-28 
300 |a 4 
490 0 |a Délmagyarország  |v 61 No. 74 
695 |a Patkós Irma